[Event "BEL-ch op"]
[Site "Niel"]
[Date "2017.07.01"]
[Round "1"]
[White "Temmerman, Hans"]
[Black "Boons, Bert"]
[Result "1/2-1/2"]
[WhiteElo "1783"]
[BlackElo "1968"]
[PlyCount "62"]
[EventDate "2017.07.01"]
[EventType "swiss"]
[EventRounds "9"]
[EventCountry "BEL"]
[SourceTitle "EXT 2018"]
[Source "ChessBase"]
[SourceDate "2017.10.13"]
[SourceVersion "1"]
[SourceVersionDate "2017.10.13"]
[SourceQuality "1"]

1. d4 d6 2. Nf3 Nf6 3. g3 g6 4. Bg2 Bg7 5. 0-0 0-0 6. Re1 d5 7. Nbd2 Nc6 8. c3 e6 9. e4 Ne7 10. Ne5 b6 11. exd5 exd5 12. Ndf3 Bb7 13. Bg5 Ne4 14. Bxe7 Qxe7 15. Qa4 Rfe8 16. Bh3 Qf6 17. Bg2 a6 18. Ng4 Qd6 19. Qc2 Re7 20. Re2 Rae8 21. Rae1 a5 22. Qd3 Bc8 23. Ne3 Bh6 24. Ne5 Bxe3 25. Rxe3 Bf5 26. Qe2 f6 27. Nd3 h5 28. Nf4 Bg4 29. Qd3 Bf5 30. Qe2 Bg4 31. Qd3 Bf5 1/2-1/2

[Event "BEL-ch op"]
[Site "Antwerp"]
[Date "2013.07.07"]
[Round "2"]
[White "Temmerman, Hans"]
[Black "Verhelst, Joris"]
[Result "0-1"]
[WhiteElo "1860"]
[BlackElo "2055"]
[PlyCount "32"]
[EventDate "2013.07.06"]
[EventType "swiss"]
[EventRounds "9"]
[EventCountry "BEL"]
[SourceTitle "CBM 155 Extra"]
[Source "ChessBase"]
[SourceDate "2013.08.26"]
[SourceVersion "1"]
[SourceVersionDate "2013.08.26"]
[SourceQuality "1"]

1. d4 d5 2. Nf3 Nf6 3. c4 e6 4. Nc3 c6 5. e3 Bd6 6. Be2 Nbd7 7. 0-0 0-0 8. Qc2 Qe7 9. e4 dxe4 10. Nxe4 Nxe4 11. Qxe4 e5 12. dxe5 Nxe5 13. Nxe5 Qxe5 14. Qxe5 Bxe5 15. Bd3 Rd8 16. Re1 Rxd3 0-1

[Event "Aalst op 15th"]
[Site "Aalst"]
[Date "2013.06.05"]
[Round "8"]
[White "De Block, Yordi"]
[Black "Temmerman, Hans"]
[Result "1-0"]
[WhiteElo "1768"]
[BlackElo "1852"]
[PlyCount "39"]
[EventDate "2013.04.17"]
[EventType "swiss"]
[EventRounds "9"]
[EventCountry "BEL"]
[SourceTitle "EXT 2014"]
[Source "ChessBase"]
[SourceDate "2013.11.20"]
[SourceVersion "1"]
[SourceVersionDate "2013.11.20"]
[SourceQuality "1"]

1. e4 c6 2. d4 d5 3. exd5 cxd5 4. c4 Nf6 5. Nc3 e6 6. Nf3 Nc6 7. Bd3 Be7 8. 0-0 0-0 9. Bf4 dxc4 10. Bxc4 Bd6 11. Bg5 Be7 12. Qd2 Qa5 13. Qf4 h6 14. Bxf6 Bxf6 15. d5 exd5 16. Nxd5 Bd8 17. b4 Qa4 18. b5 Be6 19. bxc6 Bxd5 20. cxb7 1-0

[Event "Aalst op 15th"]
[Site "Aalst"]
[Date "2013.05.22"]
[Round "6"]
[White "Smekens, Ruben"]
[Black "Temmerman, Hans"]
[Result "1-0"]
[WhiteElo "1911"]
[BlackElo "1852"]
[PlyCount "43"]
[EventDate "2013.04.17"]
[EventType "swiss"]
[EventRounds "9"]
[EventCountry "BEL"]
[SourceTitle "EXT 2014"]
[Source "ChessBase"]
[SourceDate "2013.11.20"]
[SourceVersion "1"]
[SourceVersionDate "2013.11.20"]
[SourceQuality "1"]

1. e4 c6 2. d4 d5 3. e5 Bf5 4. Bd3 Bxd3 5. Qxd3 e6 6. Nf3 Ne7 7. Bd2 Ng6 8. Na3 Qb6 9. 0-0 Qxb2 10. Bc1 Qb6 11. c4 Qa6 12. Ng5 Be7 13. Rd1 b6 14. Qc3 Nf4 15. Bxf4 Qxa3 16. Qc2 Bxg5 17. Bxg5 Qa6 18. cxd5 cxd5 19. Rd3 0-0 20. Rh3 g6 21. Qd2 Nd7 22. Bf6 1-0

[Event "Ghent VSF-chB"]
[Site "Ghent"]
[Date "2007.05.18"]
[Round "3"]
[White "Temmerman, Hans"]
[Black "Van Hoecke, Vincent"]
[Result "1-0"]
[WhiteElo "1859"]
[BlackElo "1580"]
[PlyCount "43"]
[EventDate "2007.05.17"]
[EventType "swiss"]
[EventRounds "7"]
[EventCountry "BEL"]
[SourceTitle "EXT 2009"]
[Source "ChessBase"]
[SourceDate "2008.11.26"]
[SourceVersion "1"]
[SourceVersionDate "2008.11.26"]
[SourceQuality "1"]

1. d4 d5 2. Nf3 Bf5 3. g3 Nf6 4. Bg2 e6 5. 0-0 c5 6. c3 Nc6 7. Qb3 Qd7 8. Bf4 c4 9. Qd1 Bd6 10. Bxd6 Qxd6 11. Nbd2 0-0 12. Nh4 Bg4 13. Re1 e5 14. h3 Be6 15. dxe5 Nxe5 16. Nhf3 Nxf3+ 17. Nxf3 Ne4 18. Qd4 Rfd8 19. Rad1 Qc6 20. Ne5 Qb5 21. Bxe4 dxe4 22. Qxd8+ 1-0

[Event "Ghent op 29th"]
[Site "Ghent"]
[Date "2006.07.16"]
[Round "3"]
[White "Goormachtigh, Johan"]
[Black "Temmerman, Hans"]
[Result "1-0"]
[WhiteElo "2305"]
[BlackElo "1845"]
[PlyCount "45"]
[EventDate "2006.07.15"]
[EventType "swiss"]
[EventRounds "9"]
[EventCountry "BEL"]
[SourceTitle "CBM 113 Extra"]
[Source "ChessBase"]
[SourceDate "2006.09.14"]
[SourceVersion "1"]
[SourceVersionDate "2006.09.14"]
[SourceQuality "1"]

1. d4 d5 2. c4 e6 3. Nc3 c6 4. e3 Nf6 5. Nf3 Bd6 6. Bd3 0-0 7. 0-0 Nbd7 8. e4 dxe4 9. Nxe4 Nxe4 10. Bxe4 h6 11. Re1 Nf6 12. Bc2 Qc7 13. b3 Rd8 14. Bb2 Ng4 15. h3 Nf6 16. Qe2 Nh5 17. Ne5 Nf6 18. Rad1 Bb4 19. Rf1 Bd6 20. Rd3 b6 21. Rg3 Be7 22. Qd3 c5 23. Nxf7 1-0

[Event "BEL-ch op"]
[Site "Namur"]
[Date "2006.07.04"]
[Round "4"]
[White "Temmerman, Hans"]
[Black "Dumont, Andre"]
[Result "0-1"]
[WhiteElo "1910"]
[BlackElo "2095"]
[PlyCount "44"]
[EventDate "2006.07.01"]
[EventType "swiss"]
[EventRounds "9"]
[EventCountry "BEL"]
[SourceTitle "CBM 113 Extra"]
[Source "ChessBase"]
[SourceDate "2006.09.14"]
[SourceVersion "1"]
[SourceVersionDate "2006.09.14"]
[SourceQuality "1"]

1. d4 Nf6 2. Nf3 e6 3. g3 Be7 4. Bg2 0-0 5. 0-0 d5 6. c3 b6 7. Ne5 Bb7 8. Nd2 Nbd7 9. Nxd7 Qxd7 10. Re1 c5 11. Nf3 Bd6 12. Bg5 Ne4 13. Qc1 cxd4 14. Nxd4 e5 15. Nb3 f5 16. f3 Nxg5 17. Qxg5 f4 18. gxf4 Rxf4 19. e3 Rf5 20. Qg4 Raf8 21. e4 dxe4 22. fxe4 Rf1+ 0-1